000 01198cas a22002415a 4500
001 L152155
008 110203c2010 xxkqr w ss 0 a0eng d
035 _a(Sirsi) u152155
041 0 _aeng
050 _a333.33 $2 18
110 2 _aBNP Paribas Real Estate
_95715
245 0 0 _aOffice market in Europe
_h[electronic resource]
260 _a[S.l.]
_bBNP Paribas Real Estate
_c2010-
362 0 _aQ4 2009-
490 0 _aBNP Paribas Real Estate Office Market in Europe
_vQ4 2009
520 _aAnalyses the performance of the European office market during the quarter under review covering transactions, vacancy rates and prime rents. Provides a table of office market indicators and a glossary of technical terms used.
554 _aQuarterly
650 2 4 _aBNP PARIBAS REAL ESTATE OFFICE MARKET IN EUROPE
651 4 _aEurope
690 _aPROPERTY-COMMERCIAL PROPERTY-COMMERCIAL PROPERTY MARKET
856 4 0 _uhttps://www.realestate.bnpparibas.co.uk/pages/etudes_sectorielles/resultrecherche.php?alias=com_etude_recherche_eu&ctx=1&p=eu&l=en&s_wbg_menu=1252&l=en&r=534&t=bnppre&ctx=1&s_wbg_menu=1252&titre=1
_zView the report free of charge at www.realestate.bnpparibas.co.uk
942 _n0
999 _c119292
_d119292